000 00294nam a22001337a 4500
008 181102b xxu||||| |||| 00| 0 eng d
020 _a9781608311255
041 _aeng
080 _a610
100 _a4
101 _aSHM
245 _aQ&A Review of NCLEX-RN
_cBillings,D.M
942 _2udc
_cBK
999 _c51588
_d51588